| 000 | 01749cam a2200325 4500500 | ||
|---|---|---|---|
| 005 | 20260426020051.0 | ||
| 041 | _afre | ||
| 042 | _adc | ||
| 100 | 1 | 0 |
_aKlarsfeld, Serge _eauthor |
| 245 | 0 | 0 | _aLa mémoire et la liberté |
| 260 | _c2005. | ||
| 500 | _a48 | ||
| 520 | _aDu récit du traumatisme initial – la déportation de son père – au récit d’actions visant à établir la vérité et à permettre la manifestation de la justice, Serge Klarsfeld montre comment, de faire face au devoir de mémoire, permet de s’arracher au statut victimaire tant pour les survivants du plus grand drame du XXe siècle que pour leurs descendants. | ||
| 520 | _aMemory and liberty Starting with his account of the initial trauma – the deportation of his father – to an account of the actions necessary to establish truth and let justice happen, Serge Klarsfeld shows how confronting the responsibility to remember makes one able to stop being a victim, be it for the survivors of the XXth century’s greatest drama or their descendants. | ||
| 690 | _aAuschwitz | ||
| 690 | _aDéportation | ||
| 690 | _aDevoir de Mémoire | ||
| 690 | _aFils et Filles des Déportés Juifs de France | ||
| 690 | _aMémorial des enfants juifs déportés de France | ||
| 690 | _aShoah | ||
| 690 | _aVictimes | ||
| 690 | _a« Shoah » (Jews genocide) | ||
| 690 | _aAuschwitz | ||
| 690 | _aFrench deported Jews’ Sons and Daughters | ||
| 690 | _aKey-words Deportation | ||
| 690 | _aResponsibility to remember | ||
| 690 | _aVictims | ||
| 786 | 0 | _nImaginaire & Inconscient | 15 | 1 | 2005-03-01 | p. 17-26 | 1628-9676 | |
| 856 | 4 | 1 | _uhttps://shs.cairn.info/revue-imaginaire-et-inconscient-2005-1-page-17?lang=fr&redirect-ssocas=7080 |
| 999 |
_c2225387 _d2225388 |
||